[Event "Dvorkovich Memorial Rapid 2018"]
[Site "Taganrog"]
[Date "2018.01.14"]
[Round "7"]
[White "Chernyavsky, Alexander"]
[Black "Evdokimov, Alexander A"]
[Result "1-0"]
[WhiteElo "2326"]
[BlackElo "2502"]
[Annotator "TA"]
[PlyCount "91"]
[EventDate "2018.??.??"]
[EventType "swiss"]
[EventCountry "RUS"]
[SourceTitle "playchess.com"]
[Source "ChessBase"]
[SourceQuality "1"]

{[%evp 22,91,25,25,29,21,29,25,56,47,66,0,35,32,53,67,43,29,30,16,67,51,59,66,43,-29,82,0,0,-10,0,0,0,0,0,0,0,0,0,8,16,0,0,0,0,0,3,0,219,46,48,46,109,90,231,231,221,222,600,604,594,597,578,480,1037,1037,986,970,1668,1488,1995,2097]} 1. d4 Nf6 2. Nf3 e6 3. Bf4 b6 4. e3 Bb7 5. Nbd2 Be7 6. Bd3 c5 7. h3 O-O 8. O-O cxd4 9. exd4 d6 10. c3 Nbd7 11. Qe2 Re8 {A47: 1 d4 Nf6 2 Nf3 b6: Torre, London and Colle Systems} (11... a6 12. a4 Re8 13. Bh2 h6 14. Rfe1 Bf8 15. Nc4 Qc7 16. Ne3 Nd5 17. Nxd5 Bxd5 18. Bxa6 Bxf3 19. gxf3 {1-0 (34) Carlsen,M (2837)-Akobian,V (2647) Riadh 2017}) 12. Bh2 {LiveBook: 16 Games} Nf8 13. a4 a6 {The position is equal.} 14. Nc4 Nd5 $146 ({Predecessor:} 14... Ng6 15. a5 b5 16. Nb6 Ra7 17. b3 Nd7 18. Nxd7 Qxd7 19. c4 bxc4 20. bxc4 {0-1 (74) Kuchava,A (2098)-Lomineishvili,M (2345) Tbilisi 2013}) 15. Nfd2 Qc7 16. Ne4 (16. Ne3 $14) 16... Red8 17. Ne3 Ng6 18. Nxd5 Bxd5 19. c4 Bb7 20. a5 Rac8 ({Better is} 20... bxa5 $11 21. c5 e5) 21. b4 $14 bxa5 22. bxa5 Qd7 23. Rfb1 (23. Rab1 $14) 23... f5 (23... d5 $11 {remains equal.} 24. cxd5 Qxd5 25. Rxb7 Qxd4) 24. Nc3 (24. Nd2 $16) 24... Bf6 $1 $11 {[%cal Rf6d4]} 25. Na4 {aiming for Nb6.} Bxd4 26. Nb6 $1 {[%cal Rb6d7]} Qc6 {[%csl Gb7][%cal Rc6g2] [#]} 27. Qxe6+ Kh8 {[%csl Gb7][%cal Rc6g2]} 28. Bf1 $1 Bxa1 29. Rxa1 Rc7 30. Qxf5 Qc5 31. Qc2 Rf7 32. Qd2 Ne5 33. Rd1 Rdf8 {[%cal Rf7f2]} 34. Bg3 Rf3 $2 (34... Rf6 $11 {and Black stays safe.}) 35. Qd4 $2 (35. Qxd6 $18 Qxd6 36. Rxd6) 35... Qxd4 36. Rxd4 Ra3 (36... R3f6 $14) 37. Rxd6 $16 Ng6 (37... Nf7 $16) 38. Rd7 $18 Bc6 {[#]} 39. Rc7 $1 Be8 $2 (39... Be4 40. Bd6 Ra1) 40. Bd6 $1 {[%csl LRa3,LRf8] White is clearly winning.} Rxa5 41. Bxf8 Nxf8 42. c5 {[%cal Bc4c5,Bc5c6][%mdl 32]} Kg8 (42... Bb5 $142 43. Bxb5 axb5) 43. Bc4+ Kh8 44. Rc8 Ra1+ 45. Kh2 Re1 46. c6 {Precision: White = 72%, Black = 21%.} 1-0

[Event "Dvorkovich Memorial Rapid 2018"]
[Site "Taganrog"]
[Date "2018.01.14"]
[Round "7"]
[White "Kamenets, Anatolij"]
[Black "Novoseltsev, Grigory"]
[Result "1-0"]
[WhiteElo "2294"]
[BlackElo "1936"]
[Annotator "ChessBase"]
[PlyCount "131"]
[EventDate "2018.??.??"]
[EventType "swiss"]
[EventCountry "RUS"]
[SourceTitle "playchess.com"]
[Source "ChessBase"]
[SourceQuality "1"]
[TimeControl "900+10"]

1. d4 {[%emt 0:00:00]} Nf6 {[%emt 0:00:00]} 2. c4 {[%emt 0:00:00]} g6 {[%emt 0:00:05]} 3. f3 {[%emt 0:00:00]} d5 {[%emt 0:00:03]} 4. cxd5 {[%emt 0:00:00]} Nxd5 {[%emt 0:00:00]} 5. e4 {[%emt 0:00:00]} Nb6 {[%emt 0:00:00]} 6. Nc3 {[%emt 0:00:00]} Bg7 {[%emt 0:00:00]} 7. Be3 {[%emt 0:00:00]} Nc6 {[%emt 0:00:04]} 8. d5 {[%emt 0:01:28]} Ne5 {[%emt 0:00:30]} 9. Bd4 {[%emt 0:01:14]} O-O {[%emt 0:00:39]} 10. f4 {[%emt 0:00:57]} Bg4 {[%emt 0:00:29]} 11. Be2 {[%emt 0:00:17]} Bxe2 {[%emt 0:00:11]} 12. Qxe2 {[%emt 0:01:25]} Ned7 {[%emt 0:00:21]} 13. Bxg7 {[%emt 0:01:52]} Kxg7 {[%emt 0:00:11]} 14. Nf3 {[%emt 0:00:03]} e6 {[%emt 0:02:28]} 15. O-O-O {[%emt 0:04:44]} exd5 {[%emt 0:00:03]} 16. Nxd5 {[%emt 0:00:28]} Nxd5 {[%emt 0:02:22]} 17. Rxd5 {[%emt 0:00:01]} Qe7 {[%emt 0:00:00]} 18. Rhd1 {[%emt 0:00:15]} Nb6 {[%emt 0:00:44]} 19. R5d4 {[%emt 0:00:23]} Rad8 {[%emt 0:00:15]} 20. Qd2 {[%emt 0:00:53]} Qc5+ {[%emt 0:02:28]} 21. Kb1 {[%emt 0:00:02]} Rxd4 {[%emt 0:01:32]} 22. Qxd4+ {[%emt 0:00:28]} Qxd4 {[%emt 0:00:12]} 23. Rxd4 {[%emt 0:00:00]} h5 {[%emt 0:00:14]} 24. b3 {[%emt 0:00:22]} Kf6 {[%emt 0:00:30]} 25. Kc2 {[%emt 0:00:24]} Ke6 {[%emt 0:00:15]} 26. Kc3 {[%emt 0:00:18]} c5 {[%emt 0:00:31]} 27. Rd2 {[%emt 0:00:23]} f6 {[%emt 0:00:12]} 28. a4 {[%emt 0:00:00]} Rc8 {[%emt 0:00:23]} 29. a5 {[%emt 0:00:05]} Nd7 {[%emt 0:00:00]} 30. Kc4 {[%emt 0:00:08]} Rc6 {[%emt 0:00:05]} 31. Rd5 {[%emt 0:00:35]} a6 {[%emt 0:00:00]} 32. f5+ {[%emt 0:00:48]} gxf5 {[%emt 0:00:17]} 33. Rxf5 {[%emt 0:00:00]} b5+ {[%emt 0:00:03]} 34. axb6 {[%emt 0:00:17]} Nxb6+ {[%emt 0:00:05]} 35. Kc3 {[%emt 0:00:03]} a5 {[%emt 0:00:06]} 36. Rxh5 {[%emt 0:00:22]} a4 {[%emt 0:00:02]} 37. bxa4 {[%emt 0:00:04]} Nxa4+ {[%emt 0:00:02]} 38. Kc4 {[%emt 0:00:11]} Rb6 {[%emt 0:00:25]} 39. Rh6 {[%emt 0:00:42]} Rb4+ {[%emt 0:00:02]} 40. Kd3 {[%emt 0:00:00]} c4+ {[%emt 0:00:04]} 41. Ke3 {[%emt 0:00:03]} Kf7 {[%emt 0:00:50]} 42. Rh7+ {[%emt 0:00:14]} Kg6 {[%emt 0:00:01]} 43. Rc7 {[%emt 0:00:03]} c3 {[%emt 0:00:12]} 44. Rc6 {[%emt 0:00:02]} Kg7 {[%emt 0:00:00]} 45. Nd4 {[%emt 0:00:04]} Rb2 {[%emt 0:00:15]} 46. Kf3 {[%emt 0:00:49]} Rd2 {[%emt 0:00:27]} 47. Rc4 {[%emt 0:00:33]} Nb2 {[%emt 0:00:12]} 48. Nf5+ {[%emt 0:00:04]} Kg6 {[%emt 0:00:15]} 49. Rxc3 {[%emt 0:00:09]} Nd1 {[%emt 0:00:00]} 50. Rc7 {[%emt 0:00:00]} Rf2+ {[%emt 0:00:05]} 51. Kg3 {[%emt 0:00:06]} Re2 {[%emt 0:00:09]} 52. Nh4+ {[%emt 0:01:24]} Kh6 {[%emt 0:00:12]} 53. Re7 {[%emt 0:00:30]} Kg5 {[%emt 0:00:11]} 54. Nf3+ {[%emt 0:00:02]} Kh5 {[%emt 0:00:04]} 55. h3 {[%emt 0:00:20]} Ne3 {[%emt 0:00:05]} 56. Kf4 {[%emt 0:00:31]} Nd5+ {[%emt 0:00:08]} 57. exd5 {[%emt 0:00:00]} Rxe7 {[%emt 0:00:03]} 58. Kf5 {[%emt 0:00:05]} Re2 {[%emt 0:00:19]} 59. g4+ {[%emt 0:00:26]} Kh6 {[%emt 0:00:05]} 60. d6 {[%emt 0:00:02]} Rf2 {[%emt 0:00:05]} 61. d7 {[%emt 0:00:00]} Rxf3+ {[%emt 0:00:08]} 62. Ke4 {[%emt 0:00:05]} Rxh3 {[%emt 0:00:03]} 63. d8=Q {[%emt 0:00:02]} Kg5 {[%emt 0:00:17]} 64. Qg8+ {[%emt 0:00:05]} Kh4 {[%emt 0:00:02]} 65. Qg6 {[%emt 0:00:10]} Rg3 {[%emt 0:00:10]} 66. Qh5# {[%emt 0:00:02]} 1-0

[Event "Dvorkovich Memorial Rapid 2018"]
[Site "Taganrog"]
[Date "2018.01.14"]
[Round "7"]
[White "Nazaretyan, Tigran"]
[Black "Kovalchuk, Alexey"]
[Result "1/2-1/2"]
[WhiteElo "2285"]
[BlackElo "2444"]
[Annotator "TA"]
[PlyCount "52"]
[EventDate "2018.??.??"]
[EventType "swiss"]
[EventCountry "RUS"]
[SourceTitle "playchess.com"]
[Source "ChessBase"]
[SourceQuality "1"]

{[%evp 33,52,10,20,0,34,11,27,20,25,0,21,6,2,0,10,0,0,0,0,0,0]} 1. d4 Nf6 2. c4 c5 3. d5 e6 4. Nc3 exd5 5. cxd5 d6 6. e4 g6 7. Bd3 Bg7 8. Nf3 {[%cal Bg1f3,Bf3d2,Bd2c4][%mdl 32]} O-O 9. h3 b5 10. Bxb5 Nxe4 11. Nxe4 Qa5+ 12. Nfd2 Qxb5 13. Nxd6 Qa6 14. N2c4 Nd7 15. O-O Ne5 16. Nxc8 {A70: Benoni (Hauptsystem)} Raxc8 17. Nxe5 Bxe5 {LiveBook: 82 Partien} 18. Bg5 (18. Re1 Qd6 19. Bh6 Rfd8 20. Re2 Qxd5 21. Qa4 Bd6 22. Rae1 Bf8 23. Re8 Qd4 24. Rxd8 Qxd8 25. Bxf8 Kxf8 26. Qxa7 {½-½ (56) Shimanov,A (2655)-Jones,G (2645) Tromsoe 2013}) 18... Rfe8 19. Qd2 Qd6 $146 ({Vorgänger:} 19... Bd4 20. Be3 Rcd8 21. Bxd4 Rxd5 22. Rfe1 Rxe1+ 23. Rxe1 Rxd4 {½-½ (33) Malek,D (2405)-Legde,G (2335) Germany 2012}) 20. Rad1 Bd4 21. Be3 Re4 {Die Stellung ist ausgeglichen.} 22. Bxd4 Rxd4 23. Qg5 Rd8 24. Rfe1 {Droht Txd4.} Qxd5 25. Qxd5 R8xd5 26. Rxd4 Rxd4 1/2-1/2

[Event "Dvorkovich Memorial Rapid 2018"]
[Site "Taganrog"]
[Date "2018.01.14"]
[Round "7"]
[White "Murzin, Volodar"]
[Black "Kharchenko, Boris"]
[Result "1/2-1/2"]
[WhiteElo "2268"]
[BlackElo "2464"]
[Annotator "TA"]
[PlyCount "109"]
[EventDate "2018.??.??"]
[EventType "swiss"]
[EventCountry "RUS"]
[SourceTitle "playchess.com"]
[Source "ChessBase"]
[SourceQuality "1"]

{[%evp 16,109,29,3,21,-22,-2,-28,31,-2,-8,-10,19,-10,-12,-7,0,-8,0,-35,-30,-38,-27,-78,-72,-81,-26,-61,-6,-15,-11,-9,-10,-31,-35,-116,-17,-30,-12,-12,0,0,14,-8,-10,-8,4,0,0,0,21,21,21,16,24,-6,17,-35,14,8,10,10,13,12,7,-19,-19,-19,41,55,81,82,80,85,79,8,8,8,11,0,4,0,2,0,0,0,123,0,66,0,36,0,0,0,0,0]} 1. e4 e5 2. Nf3 Nc6 3. Bc4 Nf6 4. d3 h6 5. O-O d6 6. a3 g6 7. Nc3 Bg7 8. h3 O-O 9. Be3 {LiveBook: 8 Games} Kh7 {C55: Two Knights: 4 d3, 4 d4 exd4 5 e5 and Max Lange Attack} (9... Nh5 10. d4 exd4 11. Nxd4 Nxd4 12. Bxd4 Bxd4 13. Qxd4 Qg5 14. Qd5 Qh4 15. Qd3 Be6 16. Bb3 Nf4 17. Qg3 {½-½ (26) Ivanovic,B (2406)-Nikcevic,N (2429) Bar 2017}) 10. Nd2 Nh5 11. Nf3 Nf4 (11... Nd4 $11) 12. Nd5 (12. Bxf4 $5 exf4 13. d4 $14) 12... Nxd5 13. Bxd5 Ne7 14. Bb3 $146 ({Predecessor:} 14. Ba2 f5 15. c3 f4 16. Bd2 g5 17. Nh2 Qe8 18. Be1 Qg6 19. f3 {½-½ (34) Jamrich,G (2145)-Spyra,W (2235) Budapest 1997}) 14... f5 15. Bd2 Bd7 16. Qe2 Qe8 17. Ne1 g5 18. exf5 Nxf5 19. Bd5 (19. Nf3 $11) 19... c6 $17 20. Be4 {Hoping for g4.} Kh8 (20... d5 $17 21. Bxf5+ Bxf5) 21. c3 d5 (21... Nh4 $15 22. c4 Qe6) 22. Bf3 $1 $11 Qg6 23. Bh5 Qd6 24. Nf3 Be8 25. Nh2 {[#]} (25. Bxe8 $15 Raxe8 26. Rfe1) 25... Bg6 (25... Qc5 $1 $17 {Strongly threatening ...Ng3.} 26. Kh1 Bxh5 27. Qxh5 {[#]} Qxf2 $1 {[%mdl 512]} 28. Rxf2 Ng3+ 29. Kg1 Nxh5) 26. Rae1 Rae8 27. Qg4 Kh7 28. Nf3 Kg8 29. a4 Bxh5 30. Qxh5 Qf6 31. Be3 b6 32. a5 Nxe3 33. fxe3 Qf7 34. Qg4 Qe6 35. Qg3 e4 36. Nd4 (36. dxe4 $1 $11 dxe4 37. Nd4) 36... Qg6 {aiming for ...c5.} (36... Rxf1+ {keeps more tension.} 37. Rxf1 Bxd4 38. exd4 e3 39. Qg4 bxa5 40. Qxe6+ Rxe6 41. Re1 h5) 37. Rxf8+ Bxf8 38. dxe4 Rxe4 39. axb6 axb6 40. Nf3 Bd6 41. Qf2 Qf6 ({Black should play} 41... Re6 $11) 42. Nd4 $14 Qxf2+ 43. Kxf2 {[%mdl 4096] Endgame KRB-KRN} c5 44. Nf5 Bf8 45. g4 (45. Ra1 $16) 45... Ra4 $1 $11 46. Rd1 Ra2 47. Rd2 Kf7 48. Kf3 Ke6 49. e4 dxe4+ 50. Kxe4 c4 (50... b5 $11) 51. Rd8 (51. Nd4+ $16 Kd6 52. Rf2) 51... Bc5 (51... Kf7 $1 $11) 52. Rd2 (52. Rh8 $14) 52... Ba3 53. Ne3 Rxb2 54. Rxb2 Bxb2 55. Nxc4 {Precision: White = 34%, Black = 42%.} 1/2-1/2

[Event "Dvorkovich Memorial Rapid 2018"]
[Site "Taganrog"]
[Date "2018.01.14"]
[Round "7"]
[White "Milushev, Oleg"]
[Black "Golubov, Saveliy"]
[Result "0-1"]
[WhiteElo "2229"]
[BlackElo "2484"]
[Annotator "TA"]
[PlyCount "84"]
[EventDate "2018.??.??"]
[EventType "swiss"]
[EventCountry "RUS"]
[SourceTitle "playchess.com"]
[Source "ChessBase"]
[SourceQuality "1"]

{[%evp 15,84,36,44,38,47,46,48,31,44,16,44,29,27,27,27,27,27,27,26,21,22,20,30,19,43,21,13,18,60,26,53,46,40,17,58,44,56,52,45,14,25,16,17,6,6,-45,-47,-87,-87,-102,-95,-91,-87,-225,-103,-100,-103,-123,-106,-214,-225,-222,-185,-350,-350,-331,-339,-891,-891,-4133,-891]} 1. d4 Nf6 2. c4 g6 3. Nc3 Bg7 4. e4 O-O 5. Be2 c6 6. Nf3 d5 7. e5 Ne8 {E70: Königsindisch (Weiß spielt früh e2-e4)} 8. cxd5 (8. h4 h5 9. Ng5 f6 10. exf6 exf6 11. Nh3 Bxh3 12. Rxh3 f5 13. Bg5 Qd7 14. Kf1 Nc7 15. Re3 {0-1 (50) Vallejo Pons,F (2716)-Jobava,B (2665) Baku 2016}) 8... cxd5 {LiveBook: 3 Partien} 9. Qb3 Nc7 {Weiß steht etwas besser.} 10. O-O Nc6 11. Bf4 Rb8 $146 ({Vorgänger:} 11... e6 12. Rad1 f6 13. Rfe1 fxe5 14. Bxe5 Nxe5 15. Nxe5 Bxe5 16. dxe5 {½-½ (24) Bryan Vissi,M (1827)-Leimeister,W (1844) Dresden 2012}) 12. h3 Bf5 13. Rfc1 Qd7 14. Na4 Ne6 15. Be3 Be4 {[#] Droht stark ...Lxf3.} 16. Nc5 Nxc5 17. Rxc5 Bxf3 18. Bxf3 e6 19. Rac1 f6 20. exf6 Bxf6 21. Qd3 Bg7 22. Bg4 Qd6 23. a3 Rbd8 24. Rd1 Kh8 25. b4 a6 26. b5 axb5 27. Qxb5 Rf7 28. Qb6 Rdf8 29. a4 Ra8 30. Qb3 ({Günstiger ist} 30. a5 $11) 30... Nxd4 $1 $15 31. Bxd4 Bxd4 32. Rc2 e5 33. Kh1 Raf8 34. Qb5 (34. Bf3 $17) 34... Kg7 (34... Rxf2 $19 {und Schwarz behält klar die Oberhand.} 35. Rxf2 Rxf2 36. Qxb7 e4) 35. Bf3 $17 Rd8 36. Rcd2 h5 37. Rxd4 (37. a5 $17) 37... exd4 $19 38. Rxd4 Qe5 39. Qd3 $2 (39. Rxd5 Rxd5 40. Qxd5 Qxd5 41. Bxd5 Rxf2 42. Bxb7) 39... Qe1+ 40. Kh2 Qxf2 {[#] ...Txf3! ist eine echte Drohung.} 41. Bxd5 $2 (41. Rb4) 41... Qf6 42. Qe4 Re7 {Precision: Weiß = 21%, Schwarz = 51%.} (42... Qd6+ $142 43. Kg1 Rf5) 0-1

[Event "Dvorkovich Memorial Rapid 2018"]
[Site "Taganrog"]
[Date "2018.01.14"]
[Round "7"]
[White "Oganian, Roman"]
[Black "Savchenko, Boris"]
[Result "1/2-1/2"]
[WhiteElo "2215"]
[BlackElo "2566"]
[Annotator "TA"]
[PlyCount "132"]
[EventDate "2018.??.??"]
[EventType "swiss"]
[EventCountry "RUS"]
[SourceTitle "playchess.com"]
[Source "ChessBase"]
[SourceQuality "1"]

{[%evp 20,132,11,-21,0,-27,-33,-13,-25,-44,-15,-46,1,-17,-13,0,102,27,91,34,63,54,50,53,58,0,47,41,84,77,131,108,163,151,167,181,220,213,228,183,241,211,387,378,384,365,388,332,389,390,374,366,411,402,334,-94,-79,-166,-81,-81,-81,-81,-81,-81,-81,-97,-81,-81,-81,-211,-196,-185,-171,-269,-81,-73,-38,-64,-70,-73,-73,-137,-59,-109,-107,-185,-178,-12843,-12843,-12844,-12844,-12843,-12842,-12846,-12847,-12848,-12848,-12849,-12849,-12850,-12850,-12850,-12851,-12851,-12851,-12851,-12851,-12851,-12851,-12851,-12851,-12851,-12851,-12851,-12851]} 1. e4 c5 2. Nf3 g6 3. d3 Bg7 4. Nbd2 Nc6 5. g3 Nf6 6. Bg2 d5 7. O-O O-O 8. Re1 e5 9. exd5 Nxd5 10. Nc4 Re8 11. a4 h6 {A08: King's Indian Attack} 12. Bd2 (12. a5 Bf5 13. Nfd2 Be6 14. c3 f5 15. Qa4 Qc7 {½-½ (69) Vajda,L (2568)-Jianu,V (2563) Mamaia 2015}) 12... b6 $146 ({Predecessor:} 12... Nb6 13. Na5 Nxa5 14. Bxa5 Qd7 15. Bc3 Qd6 16. Nd2 Bd7 17. a5 Na4 18. Nc4 Qc7 19. Bd2 {1-0 (31) Kaiser,T (2085)-Hassenrueck,H (2154) Germany 2007}) 13. a5 b5 {The position is equal.} 14. Ne3 {And now Nxd5 would win.} Nc7 15. h3 Kh7 16. Ng5+ hxg5 17. Bxc6 {Nd5 is the strong threat.} Bxh3 (17... Bd7 $11 {keeps the balance.} 18. Bxa8 Qxa8) 18. Qf3 (18. Bxe8 $16 Qxe8 19. Qf3) 18... Be6 (18... Bd7 $1 $11) 19. Qh1+ (19. Bxa8 $16 Qxa8 20. Qxa8 Rxa8 21. Nd1) 19... Kg8 $14 20. Bxa8 Qxa8 21. Qxa8 Rxa8 22. Nd1 ({Better is} 22. Rab1 $14) 22... b4 23. Bxg5 Nb5 {White should prevent ...Nd4.} 24. c3 Rb8 (24... Bf5 $142) 25. Be3 Rc8 (25... bxc3 $16 26. bxc3 Bf5) 26. Rc1 $18 b3 27. f3 c4 28. Nf2 f5 29. Red1 Nd6 (29... Rc6 {is a better defense.} 30. Kg2 Bf6) 30. Bxa7 Bh6 $2 (30... cxd3 31. Nxd3 Nc4) 31. Ra1 cxd3 32. Nxd3 Nc4 {Black hopes to continue with ...e4.} 33. a6 e4 34. Nf4 Bxf4 35. gxf4 Nxb2 36. Rd6 Kf7 {intending ...Nc4.} 37. Bd4 $2 (37. Rb6 $1 $18) 37... Nc4 $17 38. a7 (38. Be5 $17) 38... b2 (38... Nxd6 $19 {and Black stays clearly on top.} 39. a8=Q Rxa8 40. Rxa8 b2) 39. Rb1 {aiming for Rc6!} Nxd6 40. Rxb2 {Strongly threatening fxe4.} Bd5 $1 ({Weaker is} 40... exf3 41. Rb6 $14) 41. fxe4 fxe4 42. Rb6 Nf5 43. Rb8 Re8 44. Be5 (44. Kf2 $17) 44... e3 $1 $19 45. Kf1 Bf3 46. Ke1 {[#]} (46. c4 $142) 46... Nh6 $2 (46... Nh4 $1 $19 {[%cal Rh4g2]} 47. Kf1 Ng2) 47. Bd4 e2 48. c4 Nf5 49. Bf2 $1 Ng7 50. c5 {[#]} (50. Bc5 $142) 50... Ne6 (50... Nh5 $1 $17 {[%cal Rh5f4]} 51. Rb3 Bd5) 51. c6 Bxc6 52. Rxe8 (52. Be3 $17 {keeps fighting.}) 52... Kxe8 53. Kxe2 $2 (53. Be3) 53... Nxf4+ {Black is clearly winning.} 54. Ke3 Ne6 55. Bg3 Kd7 56. Be5 Kc8 57. Kf2 Kb7 58. Bb8 Nc7 59. Kg3 Na6 60. Be5 Kxa7 61. Kf4 Kb7 62. Kg5 Be4 63. Bb2 Kc6 64. Kf6 Nc5 65. Kg5 Kd5 66. Ba1 Bf5 {[%mdl 32768] Precision: White = 22%, Black = 37%. . An unexpected result.} 1/2-1/2

[Event "Dvorkovich Memorial Rapid 2018"]
[Site "Taganrog"]
[Date "2018.01.14"]
[Round "7"]
[White "Pshmahov, Osman"]
[Black "Pogonina, Natalija"]
[Result "1/2-1/2"]
[WhiteElo "2103"]
[BlackElo "2478"]
[Annotator "TA"]
[PlyCount "77"]
[EventDate "2018.??.??"]
[EventType "swiss"]
[EventCountry "RUS"]
[SourceTitle "playchess.com"]
[Source "ChessBase"]
[SourceQuality "1"]

{[%evp 23,77,15,16,0,22,35,101,95,95,95,94,97,100,97,105,104,120,102,104,104,101,101,104,102,104,108,109,99,122,41,100,99,99,79,91,86,86,82,91,82,100,0,92,71,72,82,74,59,42,43,63,31,39,16,21,8]} 1. d4 Nf6 2. c4 e6 3. Nc3 d5 4. cxd5 exd5 5. Bg5 c6 6. e3 Be7 7. Bd3 Nbd7 8. Qc2 O-O 9. Nge2 h6 10. Bh4 Ne8 11. Bxe7 Qxe7 12. O-O Nd6 13. Ng3 {D36: Queen's Gambit Declined: Exchange Variation: Main line (5 Bg5 c6 6 Qc2)} Nf6 14. Rae1 Nfe4 $146 (14... h5 $14) ({Predecessor:} 14... h5 15. f3 h4 16. Nf5 Nxf5 17. Bxf5 g6 18. Bxc8 Raxc8 19. e4 Qd7 20. e5 Nh5 {½-½ (56) Yanayt,E (2254)-Belliard Alonzo,L (2226) Pawtucket 2008}) 15. Ngxe4 $16 {White is better.} dxe4 16. Nxe4 Nxe4 17. Bxe4 Be6 18. b3 Rfd8 19. Rd1 {[%cal Be1d1,Bd1d2,Bd2e2][%mdl 32]} (19. Bh7+ {seems wilder.} Kh8 20. Bd3 a5 21. Rd1 Kg8 22. Rd2) 19... Bd5 20. Bxd5 Rxd5 21. e4 Rd7 22. Rd2 Re8 23. Re1 Qb4 24. Red1 Qe7 25. Re2 Qf6 26. d5 (26. Qc3 $16) 26... cxd5 (26... Qd8 $1 $14) 27. exd5 {[%cal Re2e8] [#]} Red8 28. Red2 (28. g3 {with more complications.} h5 29. Qe4 g6 30. Kg2 a6 31. b4) 28... g6 29. h3 Rd6 30. Qe4 h5 31. Re2 (31. Rc1 {looks sharper.} R6d7 32. g3 Re7 33. Qd3 Qd6 34. Rcd1) 31... R6d7 32. Red2 (32. g3 {keeps more tension.} Rd6 33. Kg2 Kg7 34. Rc2 R6d7 35. Rcd2) 32... Rd6 $1 33. Qd4 (33. Qe3 {is more complex.} a6 34. Rd4 b5 35. g3 Qf5 36. g4) 33... Qxd4 34. Rxd4 {KRR-KRR} Kg7 35. f4 h4 36. Kf2 Kf6 37. Kf3 Kf5 38. R1d2 f6 39. Rd1 {Precision: White = 38%, Black = 54%.} 1/2-1/2

[Event "Dvorkovich Memorial Rapid 2018"]
[Site "Taganrog"]
[Date "2018.01.14"]
[Round "7"]
[White "Simonyan, Grigori"]
[Black "Ivlev, Aleksey"]
[Result "1-0"]
[WhiteElo "2075"]
[BlackElo "2300"]
[Annotator "ChessBase"]
[PlyCount "60"]
[EventDate "2018.??.??"]
[EventType "swiss"]
[EventCountry "RUS"]
[SourceTitle "playchess.com"]
[Source "ChessBase"]
[SourceQuality "1"]
[TimeControl "900+10"]

1. e4 {[%emt 0:00:00]} e5 {[%emt 0:01:54]} 2. Nf3 {[%emt 0:00:00]} Nc6 {[%emt 0:00:01]} 3. Bc4 {[%emt 0:00:00]} Bc5 {[%emt 0:00:11]} 4. O-O {[%emt 0:00:00]} Nf6 {[%emt 0:00:01]} 5. Re1 {[%emt 0:00:00]} O-O {[%emt 0:00:22]} 6. d3 {[%emt 0:00:00]} a6 {[%emt 0:00:01]} 7. c3 {[%emt 0:00:12]} d6 {[%emt 0:00:09]} 8. Bb3 {[%emt 0:00:23]} Ba7 {[%emt 0:00:12]} 9. Nbd2 {[%emt 0:03:46]} Be6 {[%emt 0:01:56]} 10. Nf1 {[%emt 0:00:13]} d5 {[%emt 0:00:10]} 11. exd5 {[%emt 0:00:44]} Bxd5 {[%emt 0:00:04]} 12. Nxe5 {[%emt 0:00:17]} Nxe5 {[%emt 0:00:10]} 13. Rxe5 {[%emt 0:00:22]} Bxb3 {[%emt 0:00:00]} 14. axb3 {[%emt 0:00:00]} Qd7 {[%emt 0:00:00]} 15. Be3 {[%emt 0:00:00]} Ng4 {[%emt 0:00:00]} 16. Rg5 {[%emt 0:00:29]} Nxe3 {[%emt 0:01:34]} 17. Nxe3 {[%emt 0:00:10]} h6 {[%emt 0:00:14]} 18. Qg4 {[%emt 0:00:11]} Qxg4 {[%emt 0:00:12]} 19. Rxg4 {[%emt 0:02:18]} Rad8 {[%emt 0:00:09]} 20. d4 {[%emt 0:00:00]} c5 {[%emt 0:00:56]} 21. d5 {[%emt 0:00:23]} f5 {[%emt 0:01:51]} 22. Rf4 {[%emt 0:00:47]} g6 {[%emt 0:00:15]} 23. c4 {[%emt 0:00:01]} Bb8 {[%emt 0:00:00]} 24. Rf3 {[%emt 0:00:00]} Rfe8 {[%emt 0:00:00]} 25. g3 {[%emt 0:00:31]} Re4 {[%emt 0:00:49]} 26. Kf1 {[%emt 0:00:39]} Rde8 {[%emt 0:00:25]} 27. Ra5 {[%emt 0:01:16]} Ba7 {[%emt 0:01:39]} 28. h3 {[%emt 0:00:56]} Bb6 {[%emt 0:00:35]} 29. Ra1 {[%emt 0:01:13]} Bc7 {[%emt 0:00:00]} 30. Rd1 {[%emt 0:00:06]} Bd6 {[%emt 0:00:05]} 1-0